000 00683nam a22002295i 4500
999 _c57441
_d57441
001 20586954
005 20221105201221.0
008 180717s2019 mou 000 0 eng
020 _a9780323596770 1
041 _aeng
080 _a611(084) N-47
100 1 _aNetter, Frank H.
_98646
245 1 0 _aAtlas de anatomia humana /
_b
_cFrank H. Netter, MD.
250 _a7th edition.
264 1 _aPhiladelphia, MO :
_bElsevier,
_c2019.
300 _a533 p.:
_bill.,
_c29 cm.
653 _aAtlas de anatomia humana
653 _aმედიცინა
653 _aადამიანის ანატომია
653 _aატლასი
942 _2udc
_cBK